Government Intervention in Accreditation /

Se presenta el panorama de la certificación de la educación superior en Estados Unidos, que ha cambiado en los últimos diez años por las reformas realizadas. El gobierno nortemericano quiere tener más control por medido de un programa institucional de acreditación que garantice la calidad académica...

Повний опис

Збережено в:
Бібліографічні деталі
Автор: Ríos, Cristina (autor)
Формат: Книга
Мова:Англійська
Опубліковано: Morelia, México : Fímax Publicistas 2000, c2000
Предмети:
Теги: Додати тег
Немає тегів, Будьте першим, хто поставить тег для цього запису!

MARC

LEADER 00000nam^a2200000^a^4500
001 000123188
005 20250521000000.0
009 20260310094527.716
037 |a Acervo ITESO - Biblioteca 
041 |a ING 
082 |a 379. 158  |b RIO 
100 |a Ríos, Cristina  |e (autor) 
245 1 0 |a Government Intervention in Accreditation /  |c C. Rios 
264 4 |a Morelia, México :  |b Fímax Publicistas  |c 2000, c2000 
300 |a 60 p. 
336 |a texto  |b txt  |2 rdacontenido 
337 |a sin mediación  |b n  |2 rdamedio 
338 |a volumen  |b nc  |2 rdasoporte 
520 |a Se presenta el panorama de la certificación de la educación superior en Estados Unidos, que ha cambiado en los últimos diez años por las reformas realizadas. El gobierno nortemericano quiere tener más control por medido de un programa institucional de acreditación que garantice la calidad académica de sus estudios a nivel mundial. 
649 |a XX 
650 |a Certificación Educativa -  |z EUA 
650 |a Calidad de la Educación 
650 |a Educación Media Superior 
650 |a Educación Superior 
650 |a Educación -  |z EUA. 
650 |a Educación y Estado 
650 |a Sociología de la Educación 
910 |a Fondo General 
920 |a Impresos - Libros 
930 |a Colección General 
905 |a 101 
901 |a 0500056916  |b IT1  |c ACC  |u 20250521 
902 |a https://opac.biblio.iteso.mx/vufind/Record/000123188